[Event "Olympiad-41"]
[Site "Tromsoe"]
[Date "2014.08.04"]
[Round "3.1"]
[White "Leko, Peter"]
[Black "Wang, Yue"]
[Result "1-0"]
[WhiteElo "2740"]
[BlackElo "2718"]
[Annotator "Marin,M"]
[PlyCount "141"]
[EventDate "2014.08.02"]
[EventType "team-swiss"]
[EventRounds "11"]
[EventCountry "NOR"]
[SourceTitle "CBM 162"]
[Source "ChessBase"]
[SourceDate "2014.09.17"]
[SourceVersion "1"]
[SourceVersionDate "2014.09.17"]
[SourceQuality "1"]
[WhiteTeam "Hungary"]
[BlackTeam "China"]
[WhiteTeamCountry "HUN"]
[BlackTeamCountry "CHN"]

1. e4 e5 2. Nf3 Nf6 {Even though the Russian (Petroff) Defence has since
always been regarded as a solid opening, its reputation as almost unbreakable
started building up only in the late '90s, more or less at the same time as
the rise of the Berlin Defence. In the '70s and '80s the evaluation of the
Petroff greately depended on which side of the board Karpov was sitting. He
used to be merciless with White and unbeatable with Black.} 3. Nxe5 d6 4. Nf3
Nxe4 5. Nc3 $5 ({Nowadays, there is not much White can hope for in the
classical main line:} 5. d4 d5 6. Bd3) 5... Nxc3 6. dxc3 Be7 7. Be3 Nc6 8. Qd2
Be6 9. O-O-O Qd7 {Despite his easy development and complete lack of weaknesses,
Black tends to experience micro-problems in this line. Wherever he is going to
castle, his king would be slightly more exposed than White's, while his minor
pieces tend to be a bit vulnerable.} 10. h4 {Inhibiting Black's castling short.
} (10. Kb1 {is more popular and there are many annotated games available:} Bf6
(10... a6 {Ivanchuk,V (2746)-Wang,Y (2738) Sofia 2009 CBM 131 [Kritz,L] (0-1,
51)}) (10... h6 11. h3 a6 12. g4 h5 {Karjakin,S (2776)-Mamedyarov,S (2761)
Beijing 2013 CBM 156 [Pavlovic,M] (0-1, 95)}) 11. h4 (11. Be2 O-O-O 12. Nd4
Bxd4 13. cxd4 d5 14. Rhe1 {Dominguez Perez,L (2717)-Wang,Y (2738) Sofia 2009
CBM 131 [Kritz,L] (1/2-1/2, 40)}) (11. Bg5 Qe7 12. Bb5 {Topalov,V (2770)-Giri,
A (2714) Wijk aan Zee 2012 CBM 147 [Marin,M] (1-0, 47)}) 11... h6 12. a3 (12.
Nd4 Nxd4 13. Bxd4 Bxd4 14. Qxd4 O-O {Ponomariov,R (2751)-Wang,H (2733)
Bucharest 2013 CBM 157 [Rogozenco,D] (1/2-1/2, 47)}) 12... a6 13. Nd4 {Leko,P 
(2739)-Smeets,J (2657) Wijk aan Zee 2010 CBM 135 [Marin,M] (1-0, 45)}) ({
The last move makes the threat Ng5 (followed by hxg5 if given the case) quite
realistic, while} 10. Ng5 Bxg5 11. Bxg5 f6 12. Be3 {did not prove enough for
anything concrete in Gharamian,T (2655)-Solodovnichenko,Y (2574) Metz 2014 (1/
2-1/2, 25)}) 10... h6 11. b3 $146 {A subtle novelty.} ({The most popular
continuation is} 11. Kb1 {with possibilities of transposing above, although
Black can play} O-O-O {If now} 12. Nd4 {Black can react with} Nxd4 13. Bxd4
Rhg8 14. h5 ({The point is that} 14. Bxa7 $2 {runs into} Qa4 $17) 14... c5 15.
Be3 Qc6 {with normal play for Black, although in Adams,M (2719)-Nielsen,P 
(2668) Dortmund 2005 CBM 108 [Huzman] (1-0, 27) Black blundered twelve moves
later.}) 11... Bf6 ({The difference induced by Leko's novelty is that after} 
11... O-O-O 12. Nd4 {Black cannot react as in Adams-Nielsen above:} Nxd4 $2 13.
Bxd4 Rhg8 14. Bxa7 $1 $16 {...Qa4 is not available anymore and trapping the
bishop with} b6 $4 {is impossible due to} 15. Ba6#) 12. Nd4 $5 {A familiar
idea in a favourable form.} a6 ({The natural sequence} 12... Nxd4 13. Bxd4 Bxd4
14. Qxd4 {practically forces} O-O {, yielding White good attacking chances as
in Ponomariov-Wang above.}) 13. Nxe6 fxe6 {In view of his bishop pair and the
weakness on e6, White has emerged with a pleasant advantage out of the opening.
} 14. g3 O-O-O 15. Bh3 Kb8 16. Rhe1 Rde8 17. Bg2 {Now or on the next move,
White could have considered restricting Black's mobility with f2-f4. Leko
might have feared a blockade based on ...h7-h5 followed by ...Ne7-f5, but due
to the weakness of the e6-pawn that plan is not easy to carry out.} (17. f4 $14
{[%cal Gh4h5]} h5 (17... Ne7 $2 18. Bxe6 $1 Qxe6 19. Ba7+) 18. Bf2 g6 19. Re4
Qg7 20. Kb2 e5 21. Bg2 exf4 22. gxf4 Rxe4 23. Bxe4 $16 {[%csl Gb7,Gg6]}) 17...
d5 18. Bc5 g5 19. hxg5 hxg5 {Over the past moves, Black has gained space on
two important secotrs of the board and can now be happy with his position.} 20.
Qe3 Qg7 {After almost half an hour of thought, Black decides to punish his
opponent for weakening the c3-square in the early phase of the game. The game
enters a concrete phase now.} (20... g4 $132 {would have avoided the
complications, keeping good play for Black.}) 21. Bxd5 $5 {Quite a typical
move for our main theme of today: breaking the walls.} exd5 $6 {Wang played
this almost instantly, making clear that he had planned it in advance. He must
have misevaluated something, since Black will get a slightly inferior ending
in the best of cases.} ({The critical continuation is} 21... Bxc3 22. Bxc6 {
Over the board, it is not easy to find the only move to maintain approximate
equality:} Rd8 $3 {[%cal Gc3d2,Gg7a1] The tactical threat ...Bd2!+ winning
either the queen or the king, does not allow White to save his c6-bishop.} (
22... Bxe1 $2 23. Bd4 $2 e5 24. Ba7+ Ka8 25. Bxe8 Rxe8 26. Rxe1 $18) (22...
bxc6 23. Ba7+ $5 {It is useful to force the king on to on a light square.} Kb7
24. Bd4 Bxd4 25. Rxd4 c5 26. Rc4 $16 {With a strong attack against the
weakened queenside. On b7, the king is exposed to checks along the long
diagonal, which justifies the check on the 23rd move. The check on a1 leads to
nothing, as the king can safely go to d2-e2.}) 23. Bd7 (23. Be4 $2 Bd2+ $1 {
[%cal Gg7a1,Gd2e3]}) 23... Bxe1 24. Bd4 Bxf2 (24... Qxd7 25. Ba7+ $1) (24... e5
25. Bxe5 Bxf2 26. Qc3 Qe7 27. Bxc7+ Ka7 28. Bxd8 Rxd8 29. Bg4 Qa3+ 30. Kb1
Rxd1+ 31. Bxd1 Qc5 $11 {With his queenside dark squares weak White has no
chance to win.}) 25. Qxf2 e5 26. Ba7+ Ka8 27. Bg4 Rxd1+ 28. Bxd1 b6 29. Bxb6
cxb6 30. Qxb6 Qb7 31. Qf6 Rh1 32. Qxe5 Qf3 $11 {The pinned bishop prevents
White from generating winning chances.}) 22. Qxe8+ $1 Rxe8 23. Rxe8+ Bd8 24.
Rxd5 Kc8 ({If} 24... b6 25. Rdxd8+ Nxd8 26. Rxd8+ Kb7 27. Bd4 $14 {White's
position would be rather pleasant. Strictly speaking, he would have a small
material advantage already, with a safe king and chances for creating a passed
pawn. However, I doubt that he could hope for a win against accurate defence.})
25. Be7 Qxe7 $2 {This leads to a very difficult, quite possibly lost, ending.}
({Black might have failed to notice that after} 25... b6 $5 26. Bxg5 Kb7 27.
Bxd8 {he would have the resource} Qf7 $1 {attacking both rooks. The knight
controls the only square on which rooks can be connected.} 28. Rde5 Nxe5 29.
Rxe5 Qxf2 30. Bh4 $14 {White's coordination is worse than in the previous line,
so Black could count on a draw.}) 26. Rxe7 Bxe7 27. Kd2 {With rook and two
pawns against two minor pieces plus an active king White can endlessly torture
his opponent, although the win is far from sure yet.} Bf6 28. Ke3 Ne7 29. Rd3
Nf5+ 30. Kf3 b5 31. Kg4 Nd6 32. Kh5 Kd7 33. Kg6 Be7 34. f4 gxf4 35. gxf4 Ke8
36. f5 Nf7 37. Re3 Kf8 38. f6 Bd6 {White has made a lot of progress, but for a
long while Leko will not find a concrete plan, sticking to moving his rook
around.} 39. Rh3 Kg8 40. Kf5 Kf8 41. Rh5 Ke8 42. Rh7 Bf8 43. Rh4 Kd7 44. Rh7
Ke8 45. Rh1 Bd6 46. Kg6 Kf8 47. Rh7 Ne5+ 48. Kf5 Nf7 49. Rg7 Nd8 50. c4 $1 {
Finally something concrete. In principle, White will try to question the
stability of the black bishop with c4-c5, but that is not easy to achieve yet.}
bxc4 51. bxc4 Nb7 $2 {Making things simple for White. It many times happens
that Black has two knights and only one good square for them. Here we have the
opposite: two blocking squares (f7 and c5) and only one knight.} ({He should
have kept the pawn under control with} 51... Nf7 {, when White would have
needed to trick his opponent somehow. I failed to find a clear winning plan
against careful defence, but in practice Black may have lost anyway..} 52. Rg1
(52. Ke6 Nd8+ 53. Kd5 Nb7 54. Kc6 Nc5 55. Rg5 Ne6 56. Ra5 Nd4+ 57. Kb7 Ne6 58.
a4 Kf7 59. Kxa6 Kxf6 60. Rh5 Ke7 {[%cal Ge7d7,Gd7c8] Black is well regrouped
and White does not seem to be able to promote his pawn.}) (52. c5 Bxc5 53. Ke6
Nd8+ 54. Kd7 Nf7 55. Kxc7 Bd4 56. c4 Bxf6 57. Rg2 Ke7 {White will probably get
the a6-pawn, but Black should be able to defend. One key point is that if the
a-pawn crosses the middle of the board to a5, Black could think of giving up
his knight for the c-pawn reaching a theoretically drawn ending.}) 52... Ke8
53. Rb1 Kd7 54. Rb8 Kc6 55. Ra8 Kb7 56. Re8 Kc6 57. Re4 Kc5 $1 ({The passive} 
57... Kd7 {allows} 58. c5 Bxc5 59. Kg6 {when the saving check on e5 is not
available anymore.}) 58. Kg6 Ne5+ 59. Kg7 Nxc4 60. f7 Ne5 61. f8=Q (61. Kg8 Nd7
) 61... Bxf8+ 62. Kxf8 Nc6 {[%cal Gc6b4] Amazingly, Black seems to be active
enough to save this ending. The white king is too far away to defend the weak
pawns.} 63. c3 Na7 64. a4 Nc8 {[%csl Gc3][%cal Gc8b6,Gb6d5]} 65. Re6 Nd6 66.
Ke7 Kc4 67. Kd7 Kxc3 68. Kxc7 Nc4 69. Rxa6 Kb4 70. Ra8 Na5 71. Ra7 Nc4 {
and White cannot make progress.}) 52. Kg6 {With the unstoppable threat f6-f7.}
Ke8 53. f7+ Kd8 54. Rg8+ Kd7 55. Ra8 {Playing cat and mouse a bit.} ({Black's
counterplay would be easy to restrict after} 55. f8=Q Bxf8 56. Rxf8 Kc6 57. Rf5
Nd6 58. Ra5 Kb6 59. Ra4) 55... Nd8 56. Kg7 Ne6+ 57. Kg8 Nc5 {Allowing White to
create a second passed pawn would have been equally hopeless.} 58. f8=Q Bxf8
59. Kxf8 Kc6 60. Ke7 Kb6 61. Kf6 Kb7 62. Rh8 {Somewhere around this moment one
gets the feeling that Black has missed the right moment for resigning. But
this is typical for games deciding the final outcome of a match.} Nd7+ 63. Ke6
Nb6 64. c5 Na4 65. Kd5 Nc3+ 66. Kc4 Nb5 67. Rh6 Na7 68. Kd5 Nb5 69. Rh3 c6+ 70.
Kc4 a5 71. Rb3 1-0

[Event "Dortmund SuperGM 34th"]
[Site "Dortmund"]
[Date "2006.08.02"]
[Round "4"]
[White "Svidler, Peter"]
[Black "Kramnik, Vladimir"]
[Result "1/2-1/2"]
[WhiteElo "2742"]
[BlackElo "2743"]
[Annotator "Marin,M"]
[PlyCount "77"]
[EventDate "2006.07.29"]
[EventType "tourn"]
[EventRounds "7"]
[EventCountry "GER"]
[EventCategory "19"]
[SourceTitle "CBM 114"]
[Source "ChessBase"]
[SourceDate "2006.10.02"]
[SourceVersion "1"]
[SourceVersionDate "2006.10.02"]
[SourceQuality "1"]

1. e4 e5 2. Nf3 Nf6 3. Nxe5 d6 4. Nf3 Nxe4 5. d4 d5 6. Bd3 Nc6 7. O-O Be7 8. c4
Nb4 9. Be2 O-O 10. Nc3 Bf5 11. a3 Nxc3 12. bxc3 Nc6 13. Re1 Re8 14. cxd5 Qxd5
15. Bf4 Rac8 {Nowadays, this position is one of the hardest nuts to crack for
the 1.e4-players. Apparently, Black has made several concessions regarding the
placement of his pieces. The queen's knight has been developed in front of the
c-pawn, preventing the natural undermining of the centre by means of ...c5,
while the queen and the light-squared bishop are placed on exposed squares.
This is likely to allow White win space in the centre with gain of tempo, but
in practice things are less clear than that. To a certain extent, the
situation is similar to that arising in some of the variations of the Benoni:
Black's pieces display high but temporary activity; if driven away by the
enemy pawns, he would be simply lost strategically, but it is quite amazing
how often Black's dynamism is sufficient to prevent such a scenario. Besides,
even if White manages to advance his pawns to d5 and c4, Black has good
chances to block them, achieving an apparently precarious but in fact entirely
defensible position; this situation resembles certain cases from the Gruenfeld
Indian.} 16. Bd3 {The fact that this is White's main continuation clearly
speaks for the viability of Black's strategy. The exchange of pieces generally
favours the side who is (or will be) lacking space, but this seems to be a
concession White has to make since there is no other way to activate the rook
along the b-file.} Qd7 ({It is curious that the physical blockade of the
c-pawn by means of} 16... b5 {was introduced only recently in the game 1/2-1/2
Polgar,J (2732)-Kramnik,V (2753)/Sofia 2005/CBM 107/[Huzman] (44). White
retained some initiative and it is likely that her play can be improved on the
way. As mentioned above, Black usually doesn't mind allow the pawns advancing
one square each.}) 17. Rb1 Bxd3 {One of the points behind 16.Bd3 is that Black
is supposed to be forced to exchange himself on d3 before defending the b-pawn,
thus helping White's development.} ({However, in a very recent game Black
managed to equalize comfortably with the immediate} 17... b6 {. White's trick
is supposed to consist of} 18. Bb5 Bxb1 19. Qxb1 {when the pin along the a4-e8
diagonal certainly looks disturbing, but it didn't produce such an impressive
effect here:} Bf6 20. Rd1 Qg4 21. Bg3 Ne7 22. Bxe8 Rxe8 23. Re1 Qd7 24. Qe4 Rc8
25. Be5 Bxe5 26. Nxe5 Qe6 27. Qb7 f6 28. Nd3 Qc6 29. Qxc6 {1/2-1/2 Nisipeanu,L
(2695)-Fridman,D (2562)/Turin ITA 2006/TWIC 604}) 18. Qxd3 b6 19. d5 Bf6 20. c4
Ne7 ({The following game is quite suggestive for the limitations regarding the
strength of the white central pawns:} 20... h6 21. h4 ({Slightly more
ambitious than} 21. h3 Ne7 22. Ne5 {1/2-1/2 Kasparov,G (2804)-Anand,V (2786)/
Linares 2005/CBM 106. This short draw was in fact Kasparov's last official
game with White. If he had needed more than just a draw in order to secure the
win in the tournament, maybe we would have learned a bit more about how to
deal with this solid opening...}) 21... Ne7 22. h5 b5 $5 {and Black equalized
pretty easily in the game 1/2-1/2 Nisipeanu,L (2687)-Landa,K (2571)/Germany
2005/CBM 106/[Huzman] (31)}) 21. Ne5 {With this move White puts his bet on
long-term factors: the supposed superiority of the bishop over the knight in
open positions with pawns on both wings.} ({Alternatively, he can try to get
some (rather temporary) initiative with} 21. Be5 {for instance} Qf5 22. Qxf5
Nxf5 23. Bxc7 Be7 24. Bg3 f6 25. a4 Kf7 26. a5 Rxc4 27. axb6 axb6 28. Rxb6 Rd8
$11 {1/2-1/2 Sebag,M-Roussel Roozmon,T/Bois Colombes FRA 2004/(41)}) 21... Bxe5
22. Bxe5 f6 $146 {This is not just a new move, but also the expression of a
new concept.} ({After} 22... Ng6 23. Bg3 $14 {1-0 Oosterom,J-Rause,M/ICCF 2003/
CT-1661 (36) both remaining minor pieces occupy stable positions but this is
just a confirmation of the correctness of White's approach. By being a long
ranged piece, the bishop not only keeps the enemy knight under control but
also puts the c7-pawn under pressure and is ready to support the own d-pawn in
case it becomes a passed pawn as a consequence of an exchange in this area. On
the contrary, after the text move, neither of the minor pieces is stable. This
leads to an uncertain situation where the knight disposes not only over the
blocking d6-square, but also over several light central squares, which
remained vulnerable after the exchange of the light-squared bishops and the
advance of the central pawns. It is early to draw a definitive conclusion, but
in our main game the versatile knight proved to be a worthy opposition to the
long-ranged bishop.}) 23. Bf4 Nf5 24. c5 {A thematical advance. The strong
positional threat c6, which would lead to a huge advantage of space for White,
practically forces Black's next move, which opens the c-file for the white
major pieces and puts the c7-pawn in some danger.} bxc5 25. Qc4 g5 {Forcing
the bishop onto an exposed square.} 26. Bd2 Nd6 27. Qxc5 Ne4 28. Qa5 {It is
not easy to choose the best square for the queen.} (28. Qd4 {allows Black win
too much time with} c5 29. Qd3 c4 {when after} 30. Qd4 {he can consider playing
} Nxd2 {already, since his pawn is just as strong as White's.}) ({Maybe the
gambit continuation} 28. Qc2 $5 Qxd5 29. Be3 $44 {offers White more chances.
Black has won a pawn, but he has many weaknesses while his knight is obviously
unstable now.}) 28... c6 {Black has no other choice than maintain his
initiative.} ({In case of} 28... Nxd2 29. Qxd2 {the weakness of the black
castle could become a telling factor in the ending with major pieces, while
the symplifying attempt} c6 $6 {does not work properly because of} 30. d6 $16 {
In positions with major pieces, there is no better complement to the weakness
of the enemy king's position than the presence of an own passed pawn.}) 29. Be3
{With his d-pawn attacked and pinned, Svidler finds no other way to maintain
the material equality than attack the a-pawn. However, this will eventually
leave the bishop misplaced, allowing to his opponent to draw without any
problems.} ({Instead, he could question the viability of Black's plan to
install his knight on the relatively unstable e4-square by means of} 29. Bb4 $5
{Suddenly, all the knight's retreats after an eventual f3 are either blocked
by the own pawns or controlled by the enemy pieces. Black's best chance would
consist of} c5 $1 {making it clear that the bishop is also restricted in its
actions.} (29... cxd5 $2 {is bad because of} 30. f3 {when} Nd6 {loses
immediately to} 31. Qxd5+) (29... Qxd5 {is also not entirely satisfactory:} 30.
Qxd5+ cxd5 31. f3 a5 {Obviously the only move to save the knight.} 32. Bxa5 $14
{The same structure as in the game has arisen, but the mutual placement of the
minor pieces rather favours White. The bishop is more in the play, while the
knight is more restricted.}) {Now, after} 30. f3 {both} Qxd5 31. fxe4 Qd4+ {
and 30...cxb4 lead to roughly equal play.}) 29... cxd5 30. Qxa7 Qxa7 31. Bxa7
Nc3 32. Rxe8+ Rxe8 {Judging the position statically, White has obtained a
promising ending. He has an outside passed pawn and a long-ranged bishop
fighting against a knight. However, an examination of the dynamic factors
reveals the fact that Black's pieces cooperate perfectly, transforming the
central pawn into a dangerous weapon. The bishop only seemingly controls the
d4-square in view of the fork on e2 and is exposed to the threat ...Ra8.} 33.
Rb8 {The simplest way to avoid troubles but hardly offering chances for more,
since after the exchange of rooks the most important squares along the
bishop's diagonal are controlled.} Rxb8 34. Bxb8 d4 35. Kf1 {Fortunately for
White, his king is very near to the main theatre of operations.} Kf7 36. Ba7 d3
37. Ke1 d2+ 38. Kxd2 Nb1+ 39. Kd3 {After having blocked the enemy pawn, the
black knight finally eliminates it. The position is dead drawn.} 1/2-1/2